高知県の市町村(1960年) - Statistics

General Stats
  • This quiz has been taken 48 times
  • The average score is 48 of 56
Answer Stats
No. 市町村 備考 % Correct
1 高知市
100%
2 室戸市
100%
4 南国市
100%
5 土佐市
100%
9 土佐清水市
100%
3 安芸市
96%
8 宿毛市
96%
14 安芸郡 北川村
96%
15 安芸郡 馬路村
96%
6 須崎市
92%
7 中村市 2005年消滅
92%
10 安芸郡 東洋町
92%
11 安芸郡 奈半利町
92%
12 安芸郡 田野町
92%
13 安芸郡 安田町
92%
16 安芸郡 芸西村
92%
17 香美郡 赤岡町 2006年消滅
92%
19 香美郡 土佐山田町 2006年消滅
92%
21 香美郡 夜須町 2006年消滅
92%
26 長岡郡 本山町
92%
29 長岡郡 大豊村 1972年昇格
92%
33 土佐郡 大川村
92%
35 吾川郡 伊野町 2004年消滅
92%
41 高岡郡 佐川町
92%
42 高岡郡 越知町
92%
45 高岡郡 檮原村 1966年昇格
92%
49 高岡郡 日高村
92%
50 幡多郡 佐賀町 2006年消滅
92%
53 幡多郡 大月町
92%
56 幡多郡 三原村
92%
40 高岡郡 中土佐町
84%
48 高岡郡 仁淀村 2005年消滅
84%
18 香美郡 香我美町 2006年消滅
80%
20 香美郡 野市町 2006年消滅
80%
25 香美郡 物部村 2006年消滅
80%
30 土佐郡 鏡村 2005年消滅
80%
31 土佐郡 土佐山村 2005年消滅
80%
32 土佐郡 土佐村 1970年昇格
80%
34 土佐郡 本川村 2004年消滅
80%
37 吾川郡 春野村 1969年昇格
80%
38 吾川郡 吾川村 2005年消滅
80%
43 高岡郡 窪川町 2006年消滅
80%
46 高岡郡 東津野村 2005年消滅
80%
47 高岡郡 葉山村 2005年消滅
80%
51 幡多郡 大正町 2006年消滅
80%
52 幡多郡 大方町 2006年消滅
80%
55 幡多郡 西土佐村 2005年消滅
80%
23 香美郡 吉川村 2006年消滅
76%
36 吾川郡 池川町 2005年消滅
76%
39 吾川郡 吾北村 2004年消滅
76%
44 高岡郡 大野見村 2006年消滅
76%
54 幡多郡 十和村 2006年消滅
76%
28 長岡郡 介良村 1972年消滅
64%
22 香美郡 大宮町 1961年消滅
60%
24 香美郡 在所村 1961年消滅
56%
27 長岡郡 大津村 1972年消滅
56%
No matching quizzes found
Score Distribution
Percent of People with Each Score
Percentile by Number Answered
Your Score History
You have not taken this quiz